000 00678nam a2200277Ia 4500
005 20260324115750.0
008 008 260324s9999 xx 000 0 eng d
020 _a9781315373188
037 _aEBOOK
040 _aCRL
040 _beng
040 _cCRL
041 _2eng
041 _aeng
084 _qCRL
100 _aLakshman Bulusu; Rosendo Abellera
_91155925
245 0 _aOracle Business Intelligence and Essbase Solutions Guide
260 _bTaylor and Francis
260 _c2016
365 _a
365 _b125
856 _uhttp://www.taylorfrancis.com/books/9781315373188
942 _cEBOOK
999 _c1747035
_d1747035